|
|
|
|
| LEADER |
01373nam a2200265 a 4500 |
| 001 |
2787146 |
| 008 |
100106s1981 dcua b 000 0 eng d |
| 010 |
|
|
|a 81003937
|
| 020 |
|
|
|a 0309031397
|
| 040 |
|
|
|a DLC
|c DLC
|d DLC
|d BD-DhAAL
|
| 082 |
0 |
0 |
|a 304.6/09549/2
|2 19
|
| 245 |
0 |
0 |
|a Estimation of recent trends in fertility and mortality in Bangladesh /
|c Panel on Bangladesh, Committee on Population and Demography, Assembly of Behavioral and Social Sciences, National Research Council.
|
| 260 |
|
|
|a Washington, D.C. :
|b National Academy Press,
|c 1981.
|
| 300 |
|
|
|a xvii, 117 p. :
|b ill. ;
|c 23 cm.
|
| 490 |
1 |
|
|a Report / Committee on Population and Demography ;
|v no. 5
|
| 504 |
|
|
|a Includes bibliography: p. 113-117.
|
| 541 |
1 |
|
|e 00001330
|
| 651 |
|
0 |
|a Bangladesh
|x Population.
|
| 650 |
|
0 |
|a Fertility, Human
|z Bangladesh.
|
| 650 |
|
0 |
|a Mortality
|z Bangladesh.
|
| 710 |
2 |
|
|a Assembly of Behavioral and Social Sciences (U.S.).
|b Committee on Population and Demography.
|b Panel on Bangladesh.
|
| 830 |
|
0 |
|a Report (Assembly of Behavioral and Social Sciences (U.S.). Committee on Population and Demography) ;
|v no. 5.
|
| 852 |
4 |
|
|a Ayesha Abed Library
|j General Shelf.
|
| 999 |
|
|
|c 6748
|d 6748
|
| 952 |
|
|
|0 0
|1 0
|2 ddc
|4 0
|6 304_609549200000000_EST_1981
|7 1
|8 RPT
|9 6928
|a BRACUL
|b BRACUL
|c REF
|d 2010-01-06
|g 0.00
|l 0
|o 304.6095492 EST
|p 3010001330
|r 2010-01-06
|t 1
|w 2010-01-06
|y BK
|z Not price in Register
|